=LDR 00000nam 2200000 4500 =001 INLIS000000000055734 =005 20200710081246 =035 ##$$a 0010-0720000038 =007 ta =008 200710###########################0#ind## =082 ##$$a 2x6.1 =084 ##$$a 2x6.1 MAU w =100 1#$$a Maududi, Abdul A'la =245 1#$$a Wahai kuwa muda /$c Abdul A'la Al Maududi; Penerjemah, Mahfudz Hudlory =250 ##$$a cet.1 =260 ##$:$b HL Press,$c 1988 =300 ##$$a 68 hlm., ; $c 11x18 cm =600 #4$$a Pembinaan Islam =990 ##$$a 00830083 =990 ##$$a 00041953